000
00298nam a2200121Ia 4500
008
191201s2005 xx 000 0 und d
100
_a
DADABHOY, Bak
245
0
_a
"Jeh", a Life of J.R.D. Tata
260
_a
N.Delhi
_b
Rupa and Co
_c
2005
300
_a
165
650
_a
General Books
942
_2
ddc
_c
BK
999
_c
3353
_d
3353